ბათუმის შოთა რუსთაველის სახელმწიფო უნივერსიტეტის ბიბლიოთეკა

Булева Алгебра и конечные автоматы (ბიბ.ჩანაწერი № 39127)

000 -LEADER
fixed length control field 00603nam a2200193Ia 4500
001 - CONTROL NUMBER
control field 5708
003 - CONTROL NUMBER IDENTIFIER
control field GE_BSU
008 - FIXED-LENGTH DATA ELEMENTS--GENERAL INFORMATION
fixed length control field 181216s||||||||xx |||||||||||||| ||und||
040 ## - CATALOGING SOURCE
Transcribing agency GE_BSU
080 ## - UNIVERSAL DECIMAL CLASSIFICATION NUMBER
Universal Decimal Classification number 517.987
245 ## - TITLE STATEMENT
Title Булева Алгебра и конечные автоматы
245 ## - TITLE STATEMENT
Statement of responsibility, etc. Под. ред. П.П. Пархоменко пер с французского Е.В. Бабичевой
260 ## - PUBLICATION, DISTRIBUTION, ETC.
Place of publication, distribution, etc. Моска
260 ## - PUBLICATION, DISTRIBUTION, ETC.
Name of publisher, distributor, etc. Мир
260 ## - PUBLICATION, DISTRIBUTION, ETC.
Date of publication, distribution, etc. 1969
300 ## - PHYSICAL DESCRIPTION
Extent 292 с. 22 см.
653 ## - INDEX TERM--UNCONTROLLED
Uncontrolled term Булева Алгебра и конечные автоматы
942 ## - ADDED ENTRY ELEMENTS (KOHA)
Koha item type წიგნი
ეგზემპლარები
Withdrawn status Lost status Damaged status Not for loan Date acquired Barcode Date last seen Price effective from Koha item type
        2018-12-17 16754 2018-12-17 2018-12-17 წიგნი